Internationalization of higher education in India / (Record no. 138362)

MARC details
000 -LEADER
fixed length control field 00688nam a22001937a 4500
005 - DATE AND TIME OF LATEST TRANSACTION
control field 20170320152534.0
010 ## - LCCN (DPL NO)
LC control number ENG-117554
020 ## - INTERNATIONAL STANDARD BOOK NUMBER
International Standard Book Number 9789386042163
Terms of availability 895.00
035 ## - SYSTEM CONTROL NUMBER
System control number EN-101086
037 ## - SOURCE OF ACQUISITION
Source of stock number/acquisition DBAD/PUB
082 ## - DEWEY DECIMAL CLASSIFICATION NUMBER
Classification number 378.954
100 ## - MAIN ENTRY--PERSONAL NAME
Personal name Yreavdekar, Vidya Rajiv
245 ## - TITLE STATEMENT
Title Internationalization of higher education in India /
Statement of responsibility, etc by Vidya Rajiv Yeravdekar [and] Gauri Tiwari
260 ## - PUBLICATION, DISTRIBUTION, ETC. (IMPRINT)
Place of publication, distribution, etc New Delhi
Name of publisher, distributor, etc SAGE Publications
Date of publication, distribution, etc 2016
270 ## - ADDRESS
Address B 1/I-1 Mohan Corporative Industrial Area Mathura Road
City New Delhi
Postal code 110044
300 ## - PHYSICAL DESCRIPTION
Extent xIiii,285p. :
Other physical details ill
Dimensions 22cm(Hb)
500 ## - GENERAL NOTE
General note Includes bibliographical references and index
942 ## - ADDED ENTRY ELEMENTS (KOHA)
Source of classification or shelving scheme Dewey Decimal Classification
Item type English Books
Classification part 378.954
Call number suffix YER
Holdings
Withdrawn status Lost status Not for loan Collection code Home library Current library Date acquired Source of acquisition Cost, normal purchase price Full call number Barcode Copy number Cost, replacement price Koha item type
    Not For Loan Non-fiction D.B.Act.Division Bawana 20/03/2017 DBAD/PUB 895.00 378.954 YER EN-101086 1 895.00 English Books

© Delhi Public Library
Hit Counter
free hit counter